Central Library OPAC University of Rajshahi

مكاتيب الإمام غزالي ;; makatib al'iimam ghazali / (Record no. 84355)

MARC details
000 -LEADER
fixed length control field 00621nam a22002057a 4500
001 - CONTROL NUMBER
control field 84355
003 - CONTROL NUMBER IDENTIFIER
rucl marc code BD-RjUL
005 - DATE AND TIME OF LATEST TRANSACTION
control field 20241124152418.0
008 - FIXED-LENGTH DATA ELEMENTS--GENERAL INFORMATION
fixed length control field 241124s19601948pk ||||| |||| 00| e urd d
035 ## - SYSTEM CONTROL NUMBER
System control number (BD-RjUL)84355
040 ## - CATALOGING SOURCE
Original cataloging agency BD-RjUL
Language of cataloging eng
Transcribing agency BD-RjUL
041 ## - LANGUAGE CODE
Language code of text/sound track or separate title eng/urd
082 ## - DEWEY DECIMAL CLASSIFICATION NUMBER
Edition number 23
Classification number 892.76
Author mark and year GHM 1960
245 10 - TITLE STATEMENT
Title مكاتيب الإمام غزالي ;; makatib al'iimam ghazali /
Statement of responsibility, etc. الإمام احمد غزالي ;; Imam Ahmed Ghazali
250 ## - EDITION STATEMENT
Edition statement 5th ed.
260 ## - PUBLICATION, DISTRIBUTION, ETC. (IMPRINT)
Place of publication, distribution, etc. Karachi :
Name of publisher, distributor, etc. International Press,
Date of publication, distribution, etc. 1960
300 ## - PHYSICAL DESCRIPTION
Pagination 240 p. ;
Size 18 cm
650 ## - SUBJECT ADDED ENTRY--TOPICAL TERM
Topical term or geographic name as entry element Urdu
Form subdivision Literature
9 (RLIN) 8422
942 ## - ADDED ENTRY ELEMENTS (KOHA)
Source of classification or shelving scheme Dewey Decimal Classification
Koha item type Books
Holdings
Lost status Source of classification or shelving scheme Damaged status Not for loan Collection code Permanent Location Current Location Shelving location Date acquired Source of acquisition Cost, normal purchase price Total Checkouts Full call number Date last seen Copy number Koha item type
  Dewey Decimal Classification   Not For Loan Non-fiction Central Library, University of Rajshahi Central Library, University of Rajshahi Reading Room 15/02/1972 Feroz Sons ltd, Lahore 3.75   U 892.76 GHM 1960 24/11/2024 C-1 Books